Varšavská zmluva v boji za mier /

Uložené v:
Podrobná bibliografia
Hlavný autor: Urban, Josef (Author)
Médium: Kniha
Jazyk:Slovak
Vydané: Bratislava : Pravda, 1980.
Vydanie:1. vyd.
ISBN: viaz.
Fyzický popis: 262 s.
Tagy: Pridať tag
Žiadne tagy, Buďte prvý kto otaguje tento záznam!

MARC

LEADER 00000nam a22000003a 4500
001 000170607
005 20091122112956.0
008 050124 1980 xo slo d
020 |a viaz. 
040 |a SVKKK  |b slo  |c SVKKK  |e AACR2 
041 0 |a slo 
044 |a xo  |c SK 
100 1 |a Urban, Josef  |4 aut 
245 1 0 |a Varšavská zmluva v boji za mier /  |c Josef Urban. 
250 |a 1. vyd. 
260 |a Bratislava :  |b Pravda,  |c 1980. 
300 |a 262 s. 
910 |a svkkk 
998 |a BK 
090 |g SCKHL  |k Sklad Pribinova 2. posch.  |a II.255741  |j 614331  |i 2720209457  |s Absenčne